000 00953nam0a22002651 4500
001 rc\3965175
005 20260407071259.0
021 _aRU
_b[55-46367]
035 _a(NLR Aleph) 008052598
090 _a8951238
_c8951238
100 _a20130415d1956 |||y0rusy50 ca
101 0 _arus
102 _aRU
105 _aab j |||||
200 1 _aИстория средних веков
_eУчебник для 6-7-х классов сред. школы
205 _a3-е изд.
210 _aМосква
_cУчпедгиз
_d1956
215 _a191 с., 6 отд. л. карт.
_cил., карт.
_d23
606 _aСредние века
_xИстория
_jУчебники и пособия
_2psbo
700 1 _7ca
_8rus
_aКосминский
_bЕ. А.
_f1886-1959
_gЕвгений Алексеевич
_3RU\NLR\AUTH\770278160
_92650127
801 0 _aRU
_bNLR
_gpsbo
801 1 _aRU
_bELAR
_2rusmarc
852 _aNLR
_jИ24 Г-5/168
942 _cBOOK
980 _aNB